Normal view
MARC view
- Hassan Aqeel Khan.
Entry Personal Name
001 - CONTROL NUMBER
- control field: 30826
003 - CONTROL NUMBER IDENTIFIER
- control field: NUST
005 - DATE AND TIME OF LATEST TRANSACTION
- control field: 20200928100731.0
008 - FIXED-LENGTH DATA ELEMENTS
- fixed length control field: 200928|| aca||aabn | a|a d
040 ## - CATALOGING SOURCE
- Original cataloging agency: NUST
- Transcribing agency: NUST
100 ## - HEADING--PERSONAL NAME
- Personal name: Hassan Aqeel Khan.
670 ## - SOURCE DATA FOUND
- Source citation: Work cat.: (NUST): Zain, Murtaza, ; M. Imtiaz, Usama 30824, DEPPATH A DEEP LEARNING BASED ANALYTICS PLATFORM FORDIGTIAL PATHOLOGY /, 2012.
